| 000 | 02248cam a22004814i 4500 | ||
|---|---|---|---|
| 003 | PE-LiUPU | ||
| 005 | 20250807102732.0 | ||
| 008 | 150617s1942 txu r 000 0 spa d | ||
| 035 | _a(Sirsi) a11412 | ||
| 040 |
_aPE-LiUPU _bspa _cPE-LiUPU _erda |
||
| 049 | _aPRUA | ||
| 082 | 0 | 4 |
_a227 _bC319c _221 |
| 100 | 1 |
_aCarroll, B. H., _eautor. |
|
| 245 | 1 | 0 |
_aColosenses, Efesios, y Hebreos / _cB. H. Carroll. |
| 264 | 1 |
_aTexas : _bCasa Bautista de Publicaciones, _c1942. |
|
| 300 |
_a370 páginas ; _c20 centímetros. |
||
| 336 |
_atext _2rdacontent |
||
| 337 |
_aunmediated _2rdamedia |
||
| 338 |
_avolume _2rdacarrier |
||
| 490 | 0 | _aUna Interpretación de la Biblia | |
| 505 | 0 | _aColosenses: La relación de Cristo con la Iglesia -- La relación de Cristo con el Padre y con el Universo -- La filosfía humana vs. el evangelio duradero de Cristo -- Efesios: Elección, predestinación, adopción, gracias -- La expiación de Cristo y la oración de Pablo -- Cristo, cabeza de la Iglesia -- El muro de separación -- La segunda gran oración de Pablo -- La grandes unidades -- La necesidad de la regeneración -- La Iglesia en la gloria -- Hebreos: La superioridad de Cristo sobre los ángeles, buenos y malos -- Cristo mayor que Moisés y que Josué -- Cristo superior a Aarón -- Las mejores promesas del nuevo pacto -- Las promesas del fiador y del sacrificio -- Los héroes de la fe -- El resultado de la vida del cristiano -- Los mejores festivales. | |
| 526 | _aSEG42 | ||
| 526 | _aSEG41 | ||
| 526 | _aSEG40 | ||
| 526 | _aSEG39 | ||
| 526 | _aP94 | ||
| 526 | _aP87 | ||
| 526 | _aP86 | ||
| 526 | _aP85 | ||
| 526 | _aP77 | ||
| 526 | _aP76 | ||
| 526 | _aP35 | ||
| 630 | 1 | 4 |
_aBiblia _pColosenses _xComentarios. |
| 630 | 1 | 4 |
_aBiblia _pEfesios _xComentarios. |
| 630 | 1 | 4 |
_aBiblia _pHebreos _xComentarios. |
| 910 | _ajck | ||
| 942 |
_2ddc _cBK |
||
| 949 |
_wDEWEY _c1 _i04431 _lCCODEBUL1 _mBUL _p00.00 _r0 _sY _tBOOK _u19780807 _xTEOLOGIA _0COMPRA _o.STAFF. Colección General |
||
| 949 |
_a225.7 C26 / I _wDEWEY _c2 _i04871 _lCCODEBUL1 _mBUL _p00.00 _r0 _sY _tBOOK _u19780807 _xTEOLOGIA _0COMPRA _o.STAFF. Colección General |
||
| 980 |
_818226 _gJaime Vilcazán Jefe de Análisis Documental |
||
| 999 |
_c1560 | 2 _d1560 |
||